000 00828nab a2200241u 4500
001 15731
003 HDC
007 c| |||a|c|aaaa
008 210218b20140411my ||||| |||| 00| 0 may d
040 _aHDC
100 _aMohd Zaky Zainuddin /
_eauthor
_97645
245 0 _aJaminan pembiayaan RM400j /
_cMohd Zaky Zainuddin
336 _atext
_2rdacontent
337 _acomputer
_2rdamedia
338 _aonline resource
_2rdacarrier
650 _aCredit Guarantee Corporation Malaysia Berhad (CGC)
_915814
650 _asmall and medium enterprises (SME)
_97657
710 _aBERITA HARIAN
856 _zRequest full-text at [email protected]
942 _2lcc
942 _cNEWS
942 _kNWSC 003729
999 _c13047
_d13047